[Event "Hessen-ch B"]
[Site "Frankfurt/Main"]
[Date "2019.05.31"]
[Round "3"]
[White "Tiggemann, Felix"]
[Black "Buchholz, Maja"]
[Result "0-1"]
[WhiteElo "1574"]
[BlackElo "1657"]
[PlyCount "76"]
[EventDate "2019.05.30"]
[EventType "swiss"]
[EventRounds "7"]
[EventCountry "GER"]

{[%evp 0,63,23,8,47,42,42,37,37,32,39,20,20,-14,56,-59,13,57,58,19,21,-47,14,
-4,106,-43,43,25,63,22,202,136,139,73,17,53,53,-13,-35,-35,-35,-176,-220,-213,
-195,-257,-211,-223,-223,-239,-204,-276,-266,-596,-596,-596,-590,-533,-519,
-541,-539,-514,-551,-555,-519,-632]} 1. e4 e6 2. d4 d5 3. e5 c5 4. c3 Qb6 5.
Nf3 Nc6 6. Be2 Nge7 7. a3 Nf5 8. g4 Nfe7 9. b4 cxd4 10. cxd4 Bd7 11. Nc3 g6 12.
Nb5 Nc8 13. Bg5 Bg7 14. a4 N6e7 15. Rc1 O-O 16. Bf6 a6 17. a5 Qd8 18. Na3 Bxf6
19. exf6 Nc6 20. Rxc6 Bxc6 21. g5 Nd6 22. Bd3 Ne4 23. Bxe4 dxe4 24. Ne5 Bd5 25.
Qg4 Qc7 26. Kd2 e3+ 27. fxe3 Bxh1 28. Qh4 Kh8 29. Nac4 Rad8 30. Ke2 Bc6 31. Kf2
Bb5 32. Qh6 Rg8 33. Nd2 Be8 34. h4 Qd6 35. h5 Qf8 36. hxg6 Qxh6 37. gxf7 Qxg5
38. fxe8=Q Qxf6+ 0-1

[Event "Hessen-ch B"]
[Site "Frankfurt/Main"]
[Date "2019.05.31"]
[Round "3"]
[White "Warter, Simon"]
[Black "Hynar, Alexandra"]
[Result "1-0"]
[WhiteElo "1439"]
[BlackElo "1765"]
[PlyCount "71"]
[EventDate "2019.05.30"]
[EventType "swiss"]
[EventRounds "7"]
[EventCountry "GER"]

1. e4 e5 2. Nf3 Nc6 3. Bc4 Bc5 4. c3 Nf6 5. d3 h6 6. a4 a5 7. O-O O-O 8. Be3
Bxe3 9. fxe3 d5 10. exd5 Nxd5 11. Qe2 Bg4 12. e4 Nf4 13. Qe3 Ne6 14. Nbd2 Qd6
15. Nb3 Rad8 16. Rad1 Ng5 17. Rd2 Nxf3+ 18. gxf3 Bh3 19. Rfd1 Qg6+ 20. Kh1 Be6
21. Rg1 Qf6 22. Bxe6 fxe6 23. Rdg2 Rf7 24. Rg6 Qxf3+ 25. Qxf3 Rxf3 26. Rxg7+
Kf8 27. Nc5 Rd6 28. Rxc7 b6 29. Nd7+ Ke7 30. Nxe5+ Kd8 31. Rxc6 Rxc6 32. Nxf3
Rd6 33. d4 Rd7 34. Kg2 Kc7 35. Kf2 Kc6 36. Ne5+ 1-0

[Event "Hessen-ch B"]
[Site "Frankfurt/Main"]
[Date "2019.05.31"]
[Round "3"]
[White "Weiland, Thomas"]
[Black "Kabakci, Cem"]
[Result "1/2-1/2"]
[WhiteElo "1817"]
[BlackElo "1632"]
[PlyCount "130"]
[EventDate "2019.05.30"]
[EventType "swiss"]
[EventRounds "7"]
[EventCountry "GER"]

1. Nf3 d5 2. d4 Nf6 3. h3 c5 4. dxc5 Nc6 5. Nc3 e6 6. e3 Bxc5 7. Bb5 a6 8.
Bxc6+ bxc6 9. O-O O-O 10. b3 Re8 11. Na4 Bd6 12. Bb2 Rb8 13. Rc1 Qe7 14. c4 Ba3
15. Qe2 Bxb2 16. Qxb2 Bd7 17. Ne5 c5 18. Nxd7 Qxd7 19. Nxc5 Qd6 20. cxd5 Rbc8
21. Nd3 Qxd5 22. Nf4 Qg5 23. Rfd1 h6 24. Rd6 a5 25. Rdc6 Rcd8 26. R6c5 e5 27.
Qb1 Ra8 28. a4 Qh4 29. g3 Qg5 30. Kg2 h5 31. Nd5 Nxd5 32. Rxd5 Qe7 33. Rcc5 Qb7
34. Kh2 f6 35. Qd3 Qb4 36. Qc3 Qxc3 37. Rxc3 Reb8 38. Kg2 Rb4 39. Rb5 Rb8 40.
Rxa5 Rxb3 41. Rxb3 Rxb3 42. Rb5 Ra3 43. a5 Kf8 44. g4 hxg4 45. hxg4 Ke8 46. g5
Kf7 47. e4 Kg6 48. gxf6 gxf6 49. f3 Kg5 50. Kg3 Kg6 51. Kg4 Ra4 52. Kg3 Ra3 53.
Rd5 Kg5 54. a6 Kg6 55. Rd6 Kg5 56. Rb6 Ra5 57. Rd6 Ra3 58. Rd5 Kg6 59. Kg4 Rxa6
60. f4 exf4 61. Kxf4 Re6 62. Rd1 Kf7 63. Rg1 Re5 64. Rg4 Re6 65. Rh4 Kg6
1/2-1/2

[Event "Hessen-ch B"]
[Site "Frankfurt/Main"]
[Date "2019.05.31"]
[Round "3"]
[White "Will, Steffen"]
[Black "Bjoerknes, Uwe"]
[Result "0-1"]
[WhiteElo "1711"]
[BlackElo "1796"]
[PlyCount "90"]
[EventDate "2019.05.30"]
[EventType "swiss"]
[EventRounds "7"]
[EventCountry "GER"]

1. e4 e6 2. d4 d5 3. Nc3 Bb4 4. Bd3 dxe4 5. Bxe4 Nf6 6. Bf3 c5 7. Be3 O-O 8.
Nge2 Nd5 9. Bxd5 Qxd5 10. O-O Qf5 11. dxc5 Nc6 12. Nd4 Qg6 13. Nxc6 bxc6 14.
Qd4 Ba5 15. Qe4 Bxc3 16. Qxc6 Rb8 17. Qd6 Bb7 18. c6 Bb4 19. Qg3 Qxg3 20. hxg3
Bxc6 21. Bxa7 Rb7 22. Bd4 Rd8 23. c3 Ba5 24. b4 Bxb4 25. cxb4 Rxd4 26. Rfc1 Be8
27. a3 Kf8 28. Rc3 Ba4 29. Rac1 Rd1+ 30. Rxd1 Bxd1 31. Kf1 Ke7 32. Ke1 Ba4 33.
Kd2 Rd7+ 34. Ke3 f5 35. f3 g5 36. f4 g4 37. Rd3 Bb5 38. Rxd7+ Kxd7 39. Kd4 Kd6
40. Kc3 Ba4 41. Kc4 Kc6 42. Kd4 Bb3 43. Kc3 Bd5 44. Kd4 Bxg2 45. a4 Bd5 0-1

[Event "Hessen-ch B"]
[Site "Frankfurt/Main"]
[Date "2019.05.31"]
[Round "3"]
[White "Zalewski, Ulrich"]
[Black "Eckert, Hanno"]
[Result "1/2-1/2"]
[WhiteElo "1793"]
[BlackElo "1487"]
[PlyCount "38"]
[EventDate "2019.05.30"]
[EventType "swiss"]
[EventRounds "7"]
[EventCountry "GER"]

{[%evp 0,38,30,8,84,76,56,65,74,62,62,62,69,7,49,-21,36,20,20,31,58,49,49,-2,
31,-30,6,-1,42,41,65,66,101,101,101,84,92,69,66,60,48]} 1. e4 c6 2. d4 d5 3. e5
Bf5 4. Bd3 Bxd3 5. Qxd3 e6 6. f4 c5 7. c3 Qd7 8. Nf3 Nc6 9. Be3 b6 10. Nbd2 Nh6
11. a3 Be7 12. h3 c4 13. Qc2 a5 14. g4 a4 15. O-O Na5 16. Rae1 O-O-O 17. Bf2 f5
18. g5 Nf7 19. Bg3 g6 1/2-1/2

[Event "Hessen-ch B"]
[Site "Frankfurt/Main"]
[Date "2019.05.31"]
[Round "3"]
[White "von Beckh, Frieda"]
[Black "Catalano, Enzo"]
[Result "0-1"]
[WhiteElo "1465"]
[BlackElo "1596"]
[PlyCount "84"]
[EventDate "2019.05.30"]
[EventType "swiss"]
[EventRounds "7"]
[EventCountry "GER"]

{[%evp 0,84,18,8,55,36,18,26,101,-55,-41,-87,-27,-88,-15,-60,-45,-132,-87,-87,
-92,-78,-50,-86,-99,-83,-83,-92,-76,-103,-62,-94,-17,-17,-6,-174,-124,-132,
-132,-132,-132,-132,-132,-327,-319,-338,-338,-390,-357,-431,-426,-426,-440,
-440,-436,-487,-423,-482,-440,-917,-511,-511,-544,-589,-589,-589,-589,-598,
-592,-596,-636,-663,-512,-512,-520,-527,-507,-526,-586,-641,-707,-1414,-1456,
-1476,-1495,-1527,-1544]} 1. e4 c5 2. d4 cxd4 3. c3 Nf6 4. cxd4 Nxe4 5. Qe2 Nf6
6. g3 g6 7. Bg2 Bg7 8. Bf4 O-O 9. Nf3 d5 10. Nc3 a6 11. O-O Nc6 12. Rac1 Bf5
13. Rfe1 Re8 14. Ne5 Nxd4 15. Qd2 Nc6 16. Nxd5 Nxd5 17. Bxd5 Nxe5 18. Bxe5 Bxe5
19. Rxe5 e6 20. Rce1 Rf8 21. Qd1 exd5 22. Rxd5 Qb6 23. Ree5 Rad8 24. Qe2 Rxd5
25. Rxd5 Be6 26. Re5 Rc8 27. h3 Rc1+ 28. Kh2 Qc6 29. Re4 Rc2 30. Qe1 Rxb2 31.
Re2 Rxe2 32. Qxe2 Bxh3 33. f3 Be6 34. g4 Qd5 35. a3 Qa2 36. Qxa2 Bxa2 37. Kg3
b5 38. Kf4 a5 39. Ke4 b4 40. a4 b3 41. Kd5 b2+ 42. Kc5 b1=Q 0-1

[Event "Hessen-ch B"]
[Site "Frankfurt/Main"]
[Date "2019.05.31"]
[Round "4"]
[White "Adamczyk, Matthias"]
[Black "Will, Steffen"]
[Result "1-0"]
[WhiteElo "1949"]
[BlackElo "1711"]
[PlyCount "89"]
[EventDate "2019.05.30"]
[EventType "swiss"]
[EventRounds "7"]
[EventCountry "GER"]

1. d4 Nf6 2. c4 d6 3. Nf3 g6 4. Nc3 Bf5 5. Bg5 Bg7 6. e3 c6 7. Bd3 Bg4 8. O-O
Nbd7 9. Re1 Qa5 10. Bh4 O-O 11. h3 Bxf3 12. Qxf3 Rfe8 13. a3 Qh5 14. Qxh5 Nxh5
15. Rac1 a6 16. Be2 Nhf6 17. g4 h6 18. Kg2 Rac8 19. f4 e5 20. dxe5 dxe5 21. g5
Nh7 22. Bg4 Rcd8 23. gxh6 Bf6 24. Bxf6 Nhxf6 25. Rcd1 exf4 26. exf4 Rxe1 27.
Rxe1 Nc5 28. Kf3 Rd4 29. Ke3 Rxc4 30. Be2 Rxc3+ 31. bxc3 Nd5+ 32. Kf3 Ne6 33.
Bc4 Ndxf4 34. Bxe6 Nxe6 35. Rd1 Kh7 36. Rd7 Nc5 37. Rxf7+ Kxh6 38. Ke3 Kg5 39.
Kd4 b6 40. Kc4 Ne4 41. Kd3 Nc5+ 42. Ke3 Ne6 43. Rb7 Nf4 44. Kf3 b5 45. h4+ 1-0

[Event "Hessen-ch B"]
[Site "Frankfurt/Main"]
[Date "2019.05.31"]
[Round "4"]
[White "Bjoerknes, Uwe"]
[Black "Schmitt, Clemens"]
[Result "0-1"]
[WhiteElo "1796"]
[BlackElo "1767"]
[PlyCount "58"]
[EventDate "2019.05.30"]
[EventType "swiss"]
[EventRounds "7"]
[EventCountry "GER"]

1. e4 c5 2. Nf3 Nc6 3. c4 e5 4. Nc3 g6 5. g3 Bg7 6. Bg2 Nge7 7. d3 d6 8. Bg5
O-O 9. Nd5 f6 10. Bd2 Nxd5 11. cxd5 Ne7 12. b4 b6 13. Qa4 f5 14. Rb1 f4 15. O-O
Bg4 16. bxc5 dxc5 17. h3 Bd7 18. Qb3 Kh8 19. Bc3 Qc7 20. Qb2 Kg8 21. Nxe5 Bxe5
22. Bxe5 Qc8 23. Bd6 f3 24. Bxf3 Rxf3 25. Bxe7 Bxh3 26. Rfd1 Qg4 27. Qe5 Re8
28. d6 Rf7 29. f4 Qxg3+ 0-1

[Event "Hessen-ch B"]
[Site "Frankfurt/Main"]
[Date "2019.05.31"]
[Round "4"]
[White "Buchholz, Maja"]
[Black "Azizov, Fariz"]
[Result "0-1"]
[WhiteElo "1657"]
[BlackElo "1416"]
[PlyCount "100"]
[EventDate "2019.05.30"]
[EventType "swiss"]
[EventRounds "7"]
[EventCountry "GER"]

1. c4 e6 2. g3 d5 3. cxd5 exd5 4. Bg2 Nf6 5. Nf3 Be7 6. O-O O-O 7. a3 Nbd7 8.
b4 c6 9. Bb2 Qc7 10. Nc3 Ne4 11. Nxe4 dxe4 12. Nd4 Nf6 13. Qc2 Re8 14. Rac1 Bd6
15. Nb3 Be5 16. Rb1 Bxb2 17. Rxb2 Bf5 18. Rc1 Bg6 19. e3 Qe7 20. Nd4 a6 21. Qb3
Nd7 22. Ne2 h6 23. Qc3 Rad8 24. Bf1 Ne5 25. Nf4 Nf3+ 26. Kg2 Rd6 27. Nxg6 Rxg6
28. Be2 Qg5 29. d3 Nh4+ 30. Kh1 exd3 31. Qxd3 Qf6 32. Rbc2 Nf5 33. Qd7 Nd6 34.
Bh5 Rg5 35. Bxf7+ Qxf7 36. Qxd6 Qf3+ 37. Kg1 Rd5 38. Qg6 Red8 39. Rf1 Rd1 40.
Rc1 R1d2 41. Qe6+ Kh8 42. Qe7 Rf8 43. Qxb7 Rxf2 44. Rxf2 Qxf2+ 45. Kh1 Qf3+ 46.
Kg1 Qxe3+ 47. Kg2 Qxc1 48. Qxa6 Qc2+ 49. Kh3 Qf5+ 50. Kg2 Qb5 0-1

[Event "Hessen-ch B"]
[Site "Frankfurt/Main"]
[Date "2019.05.31"]
[Round "4"]
[White "Catalano, Enzo"]
[Black "Ruhl, Marcel"]
[Result "0-1"]
[WhiteElo "1596"]
[BlackElo "1651"]
[PlyCount "96"]
[EventDate "2019.05.30"]
[EventType "swiss"]
[EventRounds "7"]
[EventCountry "GER"]

1. e4 e5 2. Nf3 Nc6 3. d4 exd4 4. Bc4 Bc5 5. c3 dxc3 6. Bxf7+ Kxf7 7. Qd5+ Ke8
8. Qxc5 Qe7 9. Qxc3 Qxe4+ 10. Be3 Nge7 11. O-O d6 12. Re1 Qg6 13. Nbd2 h6 14.
Bf4 Bg4 15. h3 Bxf3 16. Nxf3 Rf8 17. Bg3 Kd7 18. Rad1 Rad8 19. Rd2 Kc8 20. Rc1
Nf5 21. b4 a6 22. a4 Nxg3 23. fxg3 Qf7 24. b5 axb5 25. axb5 Nb8 26. b6 c6 27.
Nd4 Qf6 28. Qc2 Rde8 29. Nb5 Re6 30. Qd1 Rd8 31. Rf2 Qe5 32. Na7+ Kd7 33. Rf7+
Re7 34. Qf1 Rde8 35. Rd1 Rxf7 36. Qxf7+ Re7 37. Qf1 Qe3+ 38. Qf2 Qxf2+ 39. Kxf2
Re5 40. Ra1 g5 41. g4 Re4 42. Rb1 Ra4 43. Kg1 Na6 44. Rf1 Rf4 45. g3 Rxf1+ 46.
Kxf1 Nb4 47. h4 Nd5 48. Ke2 Nxb6 0-1

[Event "Hessen-ch B"]
[Site "Frankfurt/Main"]
[Date "2019.05.31"]
[Round "4"]
[White "Eckert, Hanno"]
[Black "Schimmer, Michael"]
[Result "1/2-1/2"]
[WhiteElo "1487"]
[BlackElo "1805"]
[PlyCount "67"]
[EventDate "2019.05.30"]
[EventType "swiss"]
[EventRounds "7"]
[EventCountry "GER"]

1. c4 c5 2. g3 Nc6 3. Bg2 Nf6 4. Nc3 e5 5. e4 Be7 6. Nge2 O-O 7. O-O d6 8. Rb1
Rb8 9. a3 Be6 10. d3 Qd7 11. f4 Bg4 12. f5 Nd4 13. h3 Bxe2 14. Nxe2 Nxe2+ 15.
Qxe2 b5 16. Be3 Rb7 17. g4 Rfb8 18. g5 Ne8 19. h4 Qd8 20. Qg4 bxc4 21. f6 Bf8
22. dxc4 Rxb2 23. Rbd1 Rc2 24. Bxc5 Rbb2 25. Bh3 Qc7 26. Be3 Rb3 27. fxg7 Bxg7
28. Qd7 Qxd7 29. Bxd7 Rxe3 30. Bxe8 Rg3+ 31. Kh1 Rh3+ 32. Kg1 Rhh2 33. Bxf7+
Kh8 34. Rf5 1/2-1/2

[Event "Hessen-ch B"]
[Site "Frankfurt/Main"]
[Date "2019.05.31"]
[Round "4"]
[White "Ghaznavi, Massoud"]
[Black "Haftmann, Rainer"]
[Result "0-1"]
[WhiteElo "1601"]
[BlackElo "1727"]
[PlyCount "152"]
[EventDate "2019.05.30"]
[EventType "swiss"]
[EventRounds "7"]
[EventCountry "GER"]

1. c4 Nf6 2. d4 e6 3. a3 d5 4. e3 c6 5. Bd2 Bd6 6. c5 Bc7 7. Nc3 O-O 8. Bd3
Nbd7 9. Nf3 Re8 10. O-O e5 11. dxe5 Nxe5 12. Nxe5 Bxe5 13. Rb1 d4 14. Ne2 Ng4
15. g3 dxe3 16. Bxe3 Nxe3 17. fxe3 Bh3 18. Rf2 Qe7 19. Qc2 g6 20. Bc4 Be6 21.
Bxe6 Qxe6 22. Rbf1 f5 23. b4 Bg7 24. Rf3 Bh6 25. Nf4 Bxf4 26. exf4 Rad8 27.
R1f2 Qe4 28. Qb3+ Qd5 29. Qc3 Qd4 30. Qb3+ Kg7 31. Kg2 Re4 32. Qc3 Qxc3 33.
Rxc3 Kf6 34. h4 a6 35. Kh3 h5 36. Kg2 Rd1 37. Rb3 Ke6 38. Rc3 Kd5 39. Rfc2 Ree1
40. Kf3 Re4 41. Kf2 Rdd4 42. Kf3 Rc4 43. Rd3+ Red4 44. Rdc3 Rxc3+ 45. Rxc3 Rc4
46. Rd3+ Rd4 47. Rc3 Rd1 48. Ke2 Kd4 49. Rb3 Ra1 50. Rd3+ Kc4 51. Rd6 Ra2+ 52.
Kf1 Rxa3 53. Rxg6 Kxb4 54. Rg5 Rc3 55. Rxf5 Rxg3 56. Kf2 Rg4 57. Rxh5 Rxf4+ 58.
Ke3 Rg4 59. Kf3 Rg1 60. Rh7 Kxc5 61. Rxb7 Rh1 62. Kg4 a5 63. h5 a4 64. Rb2 a3
65. Rc2+ Kb5 66. Kg5 c5 67. h6 c4 68. Kg6 Kb4 69. h7 Kb3 70. Rg2 Rxh7 71. Kxh7
a2 72. Rg1 c3 73. Kg6 Kb2 74. Kf5 a1=Q 75. Rxa1 Kxa1 76. Ke4 c2 0-1

[Event "Hessen-ch B"]
[Site "Frankfurt/Main"]
[Date "2019.05.31"]
[Round "4"]
[White "Graef, Jakob Vincent"]
[Black "Weiland, Thomas"]
[Result "1/2-1/2"]
[WhiteElo "1574"]
[BlackElo "1817"]
[PlyCount "69"]
[EventDate "2019.05.30"]
[EventType "swiss"]
[EventRounds "7"]
[EventCountry "GER"]

1. e4 g6 2. d4 Bg7 3. Nf3 d6 4. Bc4 e6 5. Nc3 Ne7 6. O-O O-O 7. Bf4 Nd7 8. Qd2
a6 9. Rad1 b5 10. Bd3 Bb7 11. Rfe1 Nb6 12. b3 Rc8 13. Bf1 Nd7 14. Bh6 e5 15.
Bxg7 Kxg7 16. dxe5 Nxe5 17. Nxe5 dxe5 18. Qg5 f6 19. Qg4 Qe8 20. Qe6 Qf7 21.
Qxf7+ Rxf7 22. Rd7 Nc6 23. Rxf7+ Kxf7 24. Nd5 Nd4 25. c3 Ne6 26. Rd1 Rd8 27. f3
Nf4 28. c4 c6 29. Nc3 Rd4 30. cxb5 axb5 31. b4 Ke7 32. a3 Kd6 33. Rc1 Ba6 34.
Ne2 Nxe2+ 35. Bxe2 1/2-1/2

[Event "Hessen-ch B"]
[Site "Frankfurt/Main"]
[Date "2019.05.31"]
[Round "4"]
[White "Hambel, Christoph"]
[Black "Feicht, Arno"]
[Result "1/2-1/2"]
[WhiteElo "1783"]
[BlackElo "1881"]
[PlyCount "116"]
[EventDate "2019.05.30"]
[EventType "swiss"]
[EventRounds "7"]
[EventCountry "GER"]

1. c4 f5 2. Nc3 Nf6 3. d3 e5 4. Nf3 d6 5. g3 Be7 6. Bg2 O-O 7. O-O Qe8 8. b4
Bd8 9. Qb3 Nc6 10. Bb2 Qh5 11. c5+ Kh8 12. cxd6 cxd6 13. b5 Ne7 14. Qb4 Ne8 15.
Bc1 h6 16. Qh4 Qxh4 17. Nxh4 g5 18. Nf3 Kh7 19. Ba3 Be6 20. Rfc1 Rc8 21. Rc2
Nd5 22. Rac1 Rxc3 23. Rxc3 Nxc3 24. Rxc3 Ba5 25. Rc2 Rf7 26. Bc1 Rc7 27. Rxc7+
Bxc7 28. Bxg5 Bxa2 29. Be3 d5 30. Bxa7 b6 31. Bh3 Nd6 32. Nxe5 Nxb5 33. Bxf5+
Kg7 34. Nc6 Kf6 35. Bd7 Nxa7 36. Nxa7 Ke7 37. Ba4 d4 38. Nc6+ Kd6 39. Nxd4 Kc5
40. Bb3 Bxb3 41. Nxb3+ Kb4 42. Nd2 b5 43. Kf1 Kc3 44. Ne4+ Kc2 45. Nc5 b4 46.
d4 b3 47. Nxb3 Kxb3 48. e3 Kc4 49. Ke2 Bd6 50. h3 Be7 51. f4 Bd6 52. g4 Be7 53.
Kf3 Kd5 54. Kg3 Ke4 55. h4 Kxe3 56. g5 hxg5 57. hxg5 Kxd4 58. Kg4 Ke4 1/2-1/2

[Event "Hessen-ch B"]
[Site "Frankfurt/Main"]
[Date "2019.05.31"]
[Round "4"]
[White "Hoerhold, Karola"]
[Black "Lange, Martin"]
[Result "0-1"]
[WhiteElo "1727"]
[BlackElo "1763"]
[PlyCount "136"]
[EventDate "2019.05.30"]
[EventType "swiss"]
[EventRounds "7"]
[EventCountry "GER"]

1. e4 e6 2. b3 d5 3. Bb2 c5 4. Bb5+ Bd7 5. Qe2 Bxb5 6. Qxb5+ Qd7 7. Nc3 d4 8.
Qxd7+ Kxd7 9. Nce2 Nf6 10. d3 Nc6 11. Nf3 Nb4 12. Kd2 Nc6 13. h3 g6 14. g4 h6
15. c3 e5 16. Rhc1 Bd6 17. a4 Na5 18. Kc2 Rac8 19. Nd2 Nc6 20. Nc4 Bb8 21. a5
Ne8 22. Ba3 Ne7 23. Kd1 f6 24. cxd4 cxd4 25. Ng3 Nd6 26. Rcb1 Nb5 27. Bb2 Nc6
28. Kd2 Nd6 29. a6 Nxc4+ 30. bxc4 b6 31. Ba3 Bd6 32. Rb5 Bxa3 33. Rxa3 Rc7 34.
Ne2 h5 35. Ra1 hxg4 36. hxg4 Rh4 37. Ng3 Ke6 38. Ke2 Rxg4 39. Rh1 Nb8 40. Ra1
Nd7 41. Nf1 Nc5 42. Rxb6+ Ke7 43. Rbb1 Rc6 44. Nd2 Rxa6 45. Rxa6 Nxa6 46. Rb7+
Kd6 47. Rxa7 Nc5 48. Ra1 f5 49. exf5 gxf5 50. Ra8 Rg7 51. Rd8+ Rd7 52. Rf8 Ke6
53. Nf3 e4 54. Ng5+ Ke5 55. Re8+ Kf4 56. Ne6+ Nxe6 57. Rxe6 Ra7 58. dxe4 fxe4
59. Rf6+ Ke5 60. Rf8 Ra2+ 61. Kd1 d3 62. Re8+ Kd4 63. c5 Rxf2 64. c6 Rf1+ 65.
Kd2 e3+ 66. Rxe3 Rf2+ 67. Re2 Rxe2+ 68. Kd1 Rc2 0-1

[Event "Hessen-ch B"]
[Site "Frankfurt/Main"]
[Date "2019.05.31"]
[Round "4"]
[White "Horatschek, Martin jr."]
[Black "Scholz, Michael"]
[Result "1-0"]
[WhiteElo "1689"]
[BlackElo "1855"]
[PlyCount "81"]
[EventDate "2019.05.30"]
[EventType "swiss"]
[EventRounds "7"]
[EventCountry "GER"]

1. e4 c5 2. Nf3 Nc6 3. d4 cxd4 4. Nxd4 Nf6 5. Nc3 e5 6. Ndb5 d6 7. f3 a6 8. Na3
b5 9. Nd5 Be7 10. Be3 Rb8 11. c3 O-O 12. Be2 Ne8 13. Nxe7+ Qxe7 14. Qd2 f5 15.
Qd5+ Be6 16. Qxc6 fxe4 17. Qxe4 Nf6 18. Qd3 Nd5 19. O-O Rf5 20. c4 Nxe3 21.
Qxe3 b4 22. Nc2 Qh4 23. Qf2 Qh6 24. Rfd1 Rh5 25. g3 Bf5 26. Ne3 Rf8 27. Nxf5
Rhxf5 28. Rd5 g5 29. Rad1 R5f6 30. Qb6 g4 31. Rxd6 gxf3 32. Bxf3 Rxd6 33. Rxd6
Qc1+ 34. Rd1 Qc2 35. Qe6+ Rf7 36. Rd8+ Kg7 37. Qg4+ Kf6 38. Rd6+ Ke7 39. Qe6+
Kf8 40. Rd8+ Kg7 41. Qxe5+ 1-0

[Event "Hessen-ch B"]
[Site "Frankfurt/Main"]
[Date "2019.05.31"]
[Round "4"]
[White "Horny, Guenter"]
[Black "Mongi, Mario"]
[Result "1-0"]
[WhiteElo "1816"]
[BlackElo "1547"]
[PlyCount "57"]
[EventDate "2019.05.30"]
[EventType "swiss"]
[EventRounds "7"]
[EventCountry "GER"]

1. d4 d5 2. c4 e6 3. Nf3 Nf6 4. Nc3 Be7 5. Bf4 Nh5 6. Bd2 dxc4 7. e4 Nf6 8.
Bxc4 O-O 9. Qc2 Nc6 10. O-O a6 11. e5 Nb4 12. Qb3 Nfd5 13. Ne4 b5 14. Be2 Bb7
15. a3 Nc6 16. Rac1 Nb6 17. Nc5 Nxd4 18. Nxd4 Bxc5 19. Rxc5 Qxd4 20. Be3 Qe4
21. Bf3 Qa4 22. Qxa4 Nxa4 23. Bxb7 Nxc5 24. Bxc5 Rab8 25. Bxf8 Rxb7 26. Bc5 g6
27. Rd1 a5 28. Rd8+ Kg7 29. Bf8+ 1-0

[Event "Hessen-ch B"]
[Site "Frankfurt/Main"]
[Date "2019.05.31"]
[Round "4"]
[White "Hynar, Alexandra"]
[Black "Kabakci, Cem"]
[Result "1/2-1/2"]
[WhiteElo "1765"]
[BlackElo "1632"]
[PlyCount "32"]
[EventDate "2019.05.30"]
[EventType "swiss"]
[EventRounds "7"]
[EventCountry "GER"]

1. c4 e5 2. Nc3 Nf6 3. d3 Bc5 4. Nf3 d6 5. g3 O-O 6. Bg2 Re8 7. O-O c6 8. a3 a5
9. Bg5 h6 10. Bxf6 Qxf6 11. Ne4 Qe7 12. Nxc5 dxc5 13. Nd2 Be6 14. Qc2 Qd7 15.
Ne4 Na6 16. f4 Bh3 1/2-1/2

[Event "Hessen-ch B"]
[Site "Frankfurt/Main"]
[Date "2019.05.31"]
[Round "4"]
[White "John, Volkmar"]
[Black "Graef, Kilian Gabriel"]
[Result "1/2-1/2"]
[WhiteElo "1654"]
[BlackElo "1411"]
[PlyCount "68"]
[EventDate "2019.05.30"]
[EventType "swiss"]
[EventRounds "7"]
[EventCountry "GER"]

1. c4 Nf6 2. g3 g6 3. Bg2 Bg7 4. Nc3 O-O 5. d4 d6 6. Nf3 c5 7. O-O Bd7 8. h3
cxd4 9. Nxd4 Qc8 10. Kh2 Nc6 11. Nxc6 Bxc6 12. Nd5 Re8 13. Rb1 e6 14. Nxf6+
Bxf6 15. b3 Bxg2 16. Kxg2 Qc6+ 17. f3 Rad8 18. Bb2 Bxb2 19. Rxb2 d5 20. Rd2 Rd7
21. cxd5 exd5 22. Qc2 Qxc2 23. Rxc2 Rde7 24. Kf2 Kg7 25. Rd1 Rd7 26. Rcd2 Red8
27. e4 d4 28. f4 Rc7 29. Rd3 Rc2+ 30. R1d2 Rxd2+ 31. Rxd2 Rc8 32. a4 Rc3 33.
Rxd4 Rxb3 34. h4 Rb2+ 1/2-1/2

[Event "Hessen-ch B"]
[Site "Frankfurt/Main"]
[Date "2019.05.31"]
[Round "4"]
[White "Karl, Florian"]
[Black "Osterloh, Felix"]
[Result "1/2-1/2"]
[WhiteElo "1608"]
[BlackElo "1833"]
[PlyCount "65"]
[EventDate "2019.05.30"]
[EventType "swiss"]
[EventRounds "7"]
[EventCountry "GER"]

1. d4 e6 2. c4 Bb4+ 3. Bd2 Qe7 4. Nc3 Nf6 5. Nf3 O-O 6. e3 b6 7. Bd3 Bb7 8. O-O
d6 9. a3 Bxc3 10. Bxc3 Ne4 11. Bxe4 Bxe4 12. Nd2 Bb7 13. e4 Nd7 14. Re1 e5 15.
dxe5 dxe5 16. b4 Rfd8 17. Qc2 Nf6 18. Qb2 Re8 19. f3 Nh5 20. Rad1 Nf4 21. Nf1
f6 22. Ne3 Rad8 23. Qc2 c6 24. g3 Ne6 25. Re2 Rxd1+ 26. Qxd1 Rd8 27. Rd2 Rxd2
28. Qxd2 g6 29. Ng4 c5 30. Ne3 Nd4 31. Bxd4 exd4 32. Nd5 Bxd5 33. exd5 1/2-1/2

[Event "Hessen-ch B"]
[Site "Frankfurt/Main"]
[Date "2019.05.31"]
[Round "4"]
[White "Muenstermann, Matthias"]
[Black "Burkart, Lloyd Shang"]
[Result "0-1"]
[WhiteElo "1783"]
[BlackElo "1411"]
[PlyCount "74"]
[EventDate "2019.05.30"]
[EventType "swiss"]
[EventRounds "7"]
[EventCountry "GER"]

1. d4 Nf6 2. c4 e6 3. Nc3 Bb4 4. Qc2 c5 5. Nf3 O-O 6. a3 Bxc3+ 7. Qxc3 b6 8.
Bg5 Bb7 9. e3 h6 10. Bh4 d6 11. Qc2 Nbd7 12. Be2 Qc7 13. O-O Rac8 14. Rac1 Rfe8
15. Rfd1 Qb8 16. dxc5 bxc5 17. Bg3 Ne4 18. Bd3 Nxg3 19. hxg3 d5 20. cxd5 exd5
21. Bf5 Red8 22. Rd2 Rc7 23. Bxd7 Rdxd7 24. Ne5 Re7 25. Nd3 c4 26. Nf4 Red7 27.
Rcd1 Qa8 28. Rd4 Rc8 29. Qd2 Rcd8 30. e4 a6 31. Nxd5 Bxd5 32. Rxd5 Rxd5 33.
exd5 Rd6 34. Qd4 Qc8 35. Qc3 Qc5 36. Rc1 Rxd5 37. Qxc4 Rd1+ 0-1

[Event "Hessen-ch B"]
[Site "Frankfurt/Main"]
[Date "2019.05.31"]
[Round "4"]
[White "Pabel, Ralph"]
[Black "Goodwin, David"]
[Result "1-0"]
[WhiteElo "1903"]
[BlackElo "1546"]
[PlyCount "97"]
[EventDate "2019.05.30"]
[EventType "swiss"]
[EventRounds "7"]
[EventCountry "GER"]

1. c4 Nf6 2. Nc3 g6 3. d4 Bg7 4. e4 d6 5. Be3 Ng4 6. Bc1 Nf6 7. Be3 Ng4 8. Bc1
Nf6 9. f3 Nbd7 10. Be3 a6 11. Qd2 e5 12. d5 Qe7 13. Nge2 h5 14. Nc1 Qf8 15. Nd3
Bh6 16. Rc1 Bxe3 17. Qxe3 Qh6 18. Qxh6 Rxh6 19. b4 b6 20. h4 Bb7 21. Be2 Ke7
22. O-O Rg8 23. c5 bxc5 24. bxc5 dxc5 25. Na4 Kd6 26. Ndxc5 Nxc5 27. Nxc5 Rb8
28. Nxb7+ Rxb7 29. Rc6+ Ke7 30. Bxa6 Ra7 31. Rfc1 Ne8 32. a4 Kd8 33. Rb1 Nd6
34. Kf2 Kd7 35. Rb8 Rh7 36. Bb5 Ke7 37. Ra6 Rxa6 38. Bxa6 f5 39. Bd3 fxe4 40.
fxe4 Rf7+ 41. Ke3 Rf4 42. g3 Rg4 43. Kf3 g5 44. hxg5 Nf7 45. g6 Rxg6 46. a5
Rf6+ 47. Ke2 Rg6 48. a6 Rxg3 49. a7 1-0

[Event "Hessen-ch B"]
[Site "Frankfurt/Main"]
[Date "2019.05.31"]
[Round "4"]
[White "Sakhra, Roman"]
[Black "Meyer, Marcel"]
[Result "1-0"]
[WhiteElo "1516"]
[BlackElo "1820"]
[PlyCount "141"]
[EventDate "2019.05.30"]
[EventType "swiss"]
[EventRounds "7"]
[EventCountry "GER"]

1. d4 d5 2. Nf3 Nf6 3. Bf4 e6 4. e3 c5 5. c3 Nc6 6. Bd3 Bd6 7. Bg3 O-O 8. Nbd2
b6 9. O-O Bxg3 10. hxg3 Qc7 11. dxc5 bxc5 12. e4 a5 13. Qe2 Qb6 14. b3 Ba6 15.
c4 Nb4 16. Bb1 dxe4 17. Nxe4 Nbd5 18. Qc2 Nxe4 19. Qxe4 Nf6 20. Qh4 Bb7 21. g4
Be4 22. g5 Bxb1 23. gxf6 Bg6 24. Ne5 Rfd8 25. fxg7 Rd4 26. Qh6 Qb7 27. Nxg6
fxg6 28. Rfe1 Re8 29. Re5 Qe7 30. Rae1 Rh4 31. Qe3 Rd4 32. a4 Kf7 33. Rxe6 Qxe6
34. Qxe6+ Rxe6 35. Rxe6 Kxg7 36. Rb6 Rd1+ 37. Kh2 Rb1 38. Rb5 Kf6 39. Rxa5 Rxb3
40. Rxc5 Rb4 41. a5 Ra4 42. Rc6+ Ke5 43. a6 Kd4 44. Kg3 Ra3+ 45. f3 Ke5 46. Kg4
Ra2 47. g3 Ra3 48. f4+ Kd4 49. Kh4 Ke4 50. Rd6 Ra5 51. Kg4 Ke3 52. Rc6 Ke4 53.
Re6+ Kd4 54. Rc6 Ke4 55. Kh4 Kf3 56. c5 Ke4 57. Kg5 Kd5 58. Rf6 Kxc5 59. Kh6
Kd4 60. Kxh7 g5 61. f5 Ke5 62. Kg6 g4 63. Re6+ Kd5 64. Kf7 Ra3 65. f6 Rxg3 66.
Ke7 Rf3 67. f7 g3 68. Rg6 Re3+ 69. Kf8 Re6 70. Rxg3 Rxa6 71. Kg8 1-0